000 00766nam a22002297a 4500
999 _c1331
_d1331
003 AR-CdUCM
008 190226b ||||| |||| 00| 0 spa d
040 _aMUNICIPALIDAD PROVINCIAL DEL CUSCO
_cBIBLIOTECA MUNICIPAL DEL CUSCO
082 _a869.56 /
_bG73
100 _aGonzalo Rose, Juan
_95108
245 _aObra Poetica /
_cGonzalo Rose, Juan
260 _aLima :
_bInstituto Nacional de Cultura,
_c1974.
300 _a425 paginas ;
_c15cm.
505 _aCanto desde lejos -- Simple cancion -- Las comarcas -- Informa al rey -- Hallazgos y extravios...
650 _aHallazgos
_95109
650 _aTeatro
_9173
650 _aLiteratura
_983
650 _aMusica
_91443
700 _avelasquez, Norma
_95110
942 _2ddc
_cLIBROS
945 _apjha
_d2019-02-26